000 00674nam a2200193Ii 4500
003 JO-AjNU
008 230605s9999||||xx |||||||||||||| ||und||
040 _aJO-AjNU
_bara
_erda
_cJO-AjNU
041 _aara
050 1 4 _aGV1060.5 1991
100 3 _aشحاتة، احمد ابراهيم، م.مشارك الشاذلي، احمد فؤاد,
_eauthor
_935368
245 0 0 _aطرق تعليم الألعاب الرياضية
264 3 1 _aمصر: دار المعارف، 1991
300 _a121ص
336 _atext
_btxt
_2rdacontent
337 _aunmediated
_bn
_2rdamedia
338 _avolume
_bnc
_2rdacarrier
650 4 _aالالعاب الرياضية- تعلين
_935369
999 _aA14594
_c18162
_d18162